Представление документа в формате MARC21

Поле Инд. ПП Название Значение
Тип записи a
Библиографический уровень m
001 Контрольный номер 669d8c2acc894d27809f5917600618b0
005 Дата корректировки 20250717143603.9
008 Кодируемые данные 20210401
022 a ISSN 0131-2332
084 a Индекс другой классификации/Индекс ББК 83.3(2=411.2)5; 83.3(2=411.2)6; 84(2=411.2)6; 84(5Арм)6; 63.3(2); 86.372
090 a Полочн. индекс 95.2
x Авторский знак М 821
099 a Индекс 73253
245 a Заглавие Москва
n Номер части/ раздела №3/2021
b Продолж. заглавия журнал русской культуры
c Ответственность учредители: Союз писателей России [и др.] ; гл. ред. В.В. Артемов
h Физич. носитель Текст
260 c Дата издания 2021
b Издательство Москва
a Место издания Москва
300 a Объем 240 с.
500 a Примечание Журнал
505 a Форматированное содержание Ожившая река
b Автор Кирюшин В. Ф.
n Доп. информация Стихи
505 0_ a Форматированное содержание 101-я овца
b Автор Смирнов С.
n Доп. информация Роман. Окончание. Начало в №2/2021
505 0_ a Форматированное содержание На звенящем перекрестке
b Автор Тенятников С. М.
n Доп. информация Стихи
505 0_ a Форматированное содержание Изба исповедальная
b Автор Фролова В. Д.
n Доп. информация Рассказ
505 0_ a Форматированное содержание На мотив Борея
b Автор Цыганков А. К.
n Доп. информация Стихи
505 0_ a Форматированное содержание Шаман и змея
b Автор Рахматова А. М.
n Доп. информация Рассказ
505 0_ a Форматированное содержание Было время...
b Автор Шакарян К. А.
n Доп. информация Стихи
505 0_ a Форматированное содержание Под вуалью
b Автор Никитин А.
n Доп. информация Новелла
505 0_ a Форматированное содержание Солнечные люди
b Автор Куницын В. Г.
n Доп. информация Рассказы
505 0_ a Форматированное содержание Пограничный возраст, или Королева с лещом
b Автор Гореловский Г. А.
n Доп. информация Повесть
505 0_ a Форматированное содержание Блеск и нищета Гурзуфа
b Автор Комаров Ю. Т.
505 0_ a Форматированное содержание Салтыков (Щедрин)
b Автор Дмитриенко С.
n Доп. информация Биографическая повесть.Продолжение. Часть I-III см. "Новый мир"№4, 5, 12/2016; "Москва" №12/2020; №1, 2/2021
505 0_ a Форматированное содержание Есенино
b Автор Дроздов А. М.
505 0_ a Форматированное содержание Московские конфессии и торговля в Москве
b Автор Вострышев М.
n Доп. информация Главы из неопубликованной книги "Москва XX века". Продолжение. Начало в № 4-8/2018; №6-10/2019
505 0_ a Форматированное содержание Как выглядеть православной женщине?
b Автор Ростовцева Ю.
505 0_ a Форматированное содержание Начало русской весны
b Автор Шишкин Д.
505 0_ a Форматированное содержание О сквернословии
b Автор Арсений, епископ (Жадановский)
600 a Персоналии Есенин Сергей Александрович
a Персоналии Салтыков-Щедрин Михаил Евграфович
650 a Основная рубрика литературоведение
a Основная рубрика художественная литература
653 a Ключевые слова XX век
a Ключевые слова XXI век
a Ключевые слова армянская литература
a Ключевые слова Гурзуф
a Ключевые слова история города
a Ключевые слова конфессии
a Ключевые слова Крым
a Ключевые слова курорты
a Ключевые слова литературная критика
a Ключевые слова Москва
a Ключевые слова православие
a Ключевые слова русская литература
a Ключевые слова русская литературная критика
a Ключевые слова русская поэзия
a Ключевые слова санатории
a Ключевые слова торговля
655 a Жанр/ форма (устаревшее) проза
a Жанр/ форма (устаревшее) рассказ
a Жанр/ форма (устаревшее) поэзия
a Жанр/ форма (устаревшее) новелла
a Жанр/ форма (устаревшее) публицистика
a Жанр/ форма (устаревшее) биографическая повесть
a Жанр/ форма (устаревшее) повесть
a Жанр/ форма (устаревшее) стихотворение
a Жанр/ форма (устаревшее) роман
700 a Автор Кирюшин В. Ф.
q Полное имя Кирюшин Виктор Федорович
700 1_ a Автор Смирнов С.
q Полное имя Смирнов Сергей
700 1_ a Автор Тенятников С. М.
q Полное имя Тенятников Сергей Михайлович
700 1_ a Автор Фролова В. Д.
q Полное имя Фролова Валерия Дмитриевна
700 1_ a Автор Цыганков А. К.
q Полное имя Цыганков Александр Константинович
700 1_ a Автор Рахматова А. М.
q Полное имя Рахматова Алиса Мухаматовна
700 1_ a Автор Шакарян К. А.
q Полное имя Шакарян Константин Ашотович
700 1_ a Автор Никитин А.
q Полное имя Никитин Арно
700 1_ a Автор Куницын В. Г.
q Полное имя Куницын Владимир Георгиевич
700 1_ a Автор Гореловский Г. А.
q Полное имя Гореловский Георгий Александрович
700 1_ a Автор Комаров Ю. Т.
q Полное имя Комаров Юрий Тимофеевич
700 1_ a Автор Дмитриенко С.
q Полное имя Дмитриенко Сергей
700 1_ a Автор Дроздов А. М.
q Полное имя Дроздов Александр Михайлович
700 1_ a Автор Вострышев М.
q Полное имя Вострышев Михаил
700 1_ a Автор Ростовцева Ю.
q Полное имя Ростовцева Юлия
700 1_ a Автор Шишкин Д.
q Полное имя Шишкин Димитрий
700 1_ a Автор Арсений, епископ (Жадановский)
773 w Контрольный № источника RU/IS/BASE/409751016
901 t Тип документа s
952 a Тип литературы для КСУ ВШ ЛХЖ
991 s 6